Mouvements ouvrier et socialiste (Record no. 57668)

MARC details
000 -LEADER
campo de control de longitud fija 01220nam a2200265 i 4500
001 - NÚMERO DE CONTROL
campo de control 57668
003 - IDENTIFICADOR DE NÚMERO DE CONTROL
campo de control ES-MaACL
005 - FECHA Y HORA DE LA ÚLTIMA TRANSACCIÓN
campo de control 20250826005344.0
007 - CAMPO FIJO DE DESCRIPCIÓN FÍSICA--INFORMACIÓN GENERAL
campo de control de longitud fija t|
008 - DATOS DE LONGITUD FIJA--INFORMACIÓN GENERAL
campo de control de longitud fija 031017s1950 fr ||||1| fre d
100 1# - ENTRADA PRINCIPAL--NOMBRE DE PERSONA
Nombre de persona Dolléans, Edouard.
9 (RLIN) 45030
245 10 - MENCIÓN DEL TÍTULO
Título Mouvements ouvrier et socialiste
Resto del título : chronologie et bibliographie : Angleterre, France, Allemagne, Etats-Unis : (1750-1918) /
Mención de responsabilidad, etc. Edouard Dolléans et Michel Crozier.
260 ## - PUBLICACIÓN, DISTRIBUCIÓN, ETC.
Lugar de publicación, distribución, etc. Paris :
Nombre del editor, distribuidor, etc. Les Editions Ouvrières,
Fecha de publicación, distribución, etc. [1950] (
Fabricante Georges Desgrandchamps)
300 ## - DESCRIPCIÓN FÍSICA
Extensión XVI, 381 p. ;
Dimensiones 23 cm.
650 #4 - PUNTO DE ACCESO ADICIONAL DE MATERIA--TÉRMINO DE MATERIA
9 (RLIN) 15208
Término de materia o nombre geográfico como elemento de entrada Movimiento obrero-
Subdivisión geográfica Alemania
650 #4 - PUNTO DE ACCESO ADICIONAL DE MATERIA--TÉRMINO DE MATERIA
Término de materia o nombre geográfico como elemento de entrada Movimiento obrero
Subdivisión geográfica Estados Unidos
9 (RLIN) 239976
650 #7 - PUNTO DE ACCESO ADICIONAL DE MATERIA--TÉRMINO DE MATERIA
9 (RLIN) 147036
Término de materia o nombre geográfico como elemento de entrada Movimiento obrero-
Subdivisión geográfica Francia
650 #7 - PUNTO DE ACCESO ADICIONAL DE MATERIA--TÉRMINO DE MATERIA
Término de materia o nombre geográfico como elemento de entrada Movimiento obrero-
Subdivisión geográfica Inglaterra
Fuente del encabezamiento o término
9 (RLIN) 152095
700 1# - ENTRADA AGREGADA--NOMBRE PERSONAL
Nombre de persona Crozier, Michel,
Fechas asociadas al nombre 1922-2013
9 (RLIN) 41759
852 ## - LOCALIZACIÓN
Ubicación ES-MaACL
Número de control de estantería D-6537
Sublocalización o colección R.30948
-- R.M.6128
itemnumber 59885
Ubicación en estantería Sala Valle Inclán
Marcas de propiedad Sello en tinta azul de la Biblioteca del Ateneo de Madrid
Anotaciones manuscritas Anotación manuscrita en cubierta: "8"
Nota libre En cubierta: "15.NOV.1951"
942 ## - ELEMENTOS DE ENTRADA SECUNDARIOS (KOHA)
Fuente del sistema de clasificación o colocación Clasificación decimal universal
Tipo de ítem Koha Libro impreso
Holdings
Estatus retirado Estado de pérdida Estado de daño No para préstamo Biblioteca de origen Biblioteca actual Ubicación en estantería Fecha de adquisición Fuente de adquisición Total de préstamos Signatura topográfica completa Código de barras Visto por última vez Precio de reemplazo Tipo de ítem Koha
        Biblioteca del Ateneo de Madrid Biblioteca del Ateneo de Madrid Sala Valle Inclán 17/01/2008     D-6537 901060536 23/02/2023 23/02/2023 Libro impreso